000 00558nam a22002057a 4500
003 OSt
005 20160715152101.0
008 160715b xxu||||| |||| 00| 0 eng d
020 _a0748737162
040 _c040a
082 _aWA 320
_bG376a 1999
100 _aGilbert, Patricia
_92208
245 _aA- Z of childhood health problems /
_cPatricia Gilbert
250 _a2nd.ed
260 _aCheltenham
_bStanley Thornes
_c1999
300 _aviii, 223p;
_bill :
_c20 cm.
504 _aIncludes index
650 _aChildhood health
_910231
942 _2z
_cO_SHELF
999 _c4753
_d4753